Nahuas de la Sierra Norte de Puebla / (Record no. 99363)
[ view plain ]
| 000 -CABECERA | |
|---|---|
| campo de control de longitud fija | 00659nam a2200205 a 4500 |
| 005 - FECHA Y HORA DE LA ÚLTIMA TRANSACCIÓN | |
| campo de control | 20231128063550.0 |
| 008 - ELEMENTOS DE LONGITUD FIJA--INFORMACIÓN GENERAL | |
| campo de control de longitud fija | 030702s2004 mx r 000 0 spa d |
| 020 ## - NÚMERO INTERNACIONAL NORMALIZADO PARA LIBROS | |
| Número Internacional Estándar del Libro | 9707530219 |
| 035 ## - NÚMERO DE CONTROL DEL SISTEMA | |
| Número de control de sistema | UPN01000127184 |
| 049 ## - COLECCIÓN | |
| Colección | F |
| 050 #4 - SIGNATURA TOPOGRÁFICA DE LA BIBLIOTECA DEL CONGRESO | |
| Número de clasificación | F1221 N3 |
| Número de documento/Ítem | B3.6 |
| 100 1# - ASIENTO PRINCIPAL--NOMBRE PERSONAL | |
| Nombre de persona | Báez Cubero, María de Lourdes |
| 9 (RLIN) | 35922 |
| 245 10 - MENCIÓN DE TÍTULO | |
| Título | Nahuas de la Sierra Norte de Puebla / |
| Mención de responsabilidad, etc. | Lourdes Báez. |
| 260 ## - PUBLICACIÓN, DISTRIBUCIÓN, ETC. | |
| Lugar de publicación, distribución, etc. | México : |
| Nombre del editor, distribuidor, etc. | CDI : |
| -- | PNUD, |
| Fecha de publicación, distribución, etc. | 2004. |
| 300 ## - DESCRIPCIÓN FÍSICA | |
| Extensión | 39 p. : |
| Otras características físicas | il. |
| 440 #0 - MENCIÓN DE SERIE/ASIENTO SECUNDARIO--TÍTULO | |
| Título | Pueblos indígenas del México contemporáneo |
| 650 #7 - ASIENTO SECUNDARIO DE MATERIA - TERMINO TEMATICO | |
| Término de materia o nombre geográfico como elemento de entrada | Nahuas |
| Subdivisión general | Vida social y costumbres |
| Fuente del encabezamiento o término | |
| 9 (RLIN) | 18090 |
| 650 #4 - ASIENTO SECUNDARIO DE MATERIA - TERMINO TEMATICO | |
| Término de materia o nombre geográfico como elemento de entrada | Indígenas de México |
| Subdivisión general | Vida social y costumbres |
| 9 (RLIN) | 5132 |
| 905 ## - TIPO DE MATERIAL | |
| Tipo de material | Libro |
| Estado de retiro | Estado de pérdida | Fuente del sistema de clasificación o colocación | Estado dañado | No para préstamo | Código de colección | Localización permanente | Ubicación/localización actual | Ubicación en estantería | Fecha de adquisición | Clasificación | Código de barras | Fecha visto por última vez | Número de copia | Tipo de ítem Koha | Enumeración/cronología de publicación seriada |
|---|---|---|---|---|---|---|---|---|---|---|---|---|---|---|---|
| Library of Congress Classification | Disponible (Préstamo en sala) | Folletería | Bib. Gregorio Torres Quintero | Bib. Gregorio Torres Quintero | Colecciones especiales Planta alta | 03/05/2023 | F1221 N3 B3.6 | 301386 | 31/12/2020 | 1 | Folleto | ||||
| Library of Congress Classification | Disponible (Préstamo en sala) | Folletería | Bib. Gregorio Torres Quintero | Bib. Gregorio Torres Quintero | Colecciones especiales Planta alta | 03/05/2023 | F1221 N3 B3.6 | U117 | 31/12/2020 | 1 | Folleto | Donación UNESCO | |||
| Library of Congress Classification | Disponible (Préstamo en sala) | Folletería | Bib. Gregorio Torres Quintero | Bib. Gregorio Torres Quintero | Colecciones especiales Planta alta | 03/05/2023 | F1221 N3 B3.6 | 301385 | 31/12/2020 | 1 | Folleto |
